{"text_format":"3","workbook":"xlsx","n_sheets":1,"sheets":["Sheet1"],"read":"whole","date_system":"1900"}

{"sheet":"Sheet1","index":0,"n_rows":148,"n_cols":27,"rows_kept":148,"merged":[[0,0,0,6],[2,0,2,4],[6,0,6,6],[14,0,14,6],[14,10,14,16],[16,0,16,4],[20,0,20,6],[20,10,20,16],[28,0,28,6],[28,10,28,16],[28,20,28,26],[30,0,30,4],[34,0,34,6],[34,10,34,16],[34,20,34,26],[43,0,43,6],[43,10,43,16],[45,0,45,4],[45,10,45,14],[49,0,49,6],[49,10,49,16],[59,0,59,6],[59,10,59,16],[59,20,59,26],[61,0,61,4],[61,10,61,14],[65,0,65,6],[65,10,65,16],[65,20,65,26],[74,0,74,6],[74,10,74,16],[76,0,76,4],[80,0,80,6],[80,10,80,16],[89,0,89,6],[91,0,91,4],[96,0,96,6],[104,0,104,6],[106,0,106,4],[110,0,110,6],[118,0,118,6],[118,10,118,16],[120,0,120,3],[120,10,120,13],[124,0,124,6],[124,10,124,16],[133,0,133,6],[133,10,133,16],[135,0,135,3],[139,0,139,6],[139,10,139,16]]}
["Single Kayak | Adventura"]
[]
["Adventura Rates (Old Format)",{"$nulls":9},"only one other competitor on the island renting singel kayaks,"]
["1 Day","2 Days","3 Days","4 - 5 Days","6 - 7 Days",{"$nulls":5},"they are based in est end, and charge 246 per week."]
[{"v":75,"d":"$75.00"},{"v":125,"d":"$125.00"},{"v":165,"d":"$165.00"},{"v":205,"d":"$205.00"},{"v":235,"d":"$235.00"},{"$nulls":5},"apart from that they do 1 hour, 2 hour, 3 hour and half day rentals"]
[]
["Adventura Rates (Rate / Day)"]
[1,2,3,4,5,6,7]
[{"v":85,"d":"$85.00"},{"v":75,"d":"$75.00"},{"$f":"C5/3","v":{"v":55,"d":"$55.00"}},{"$f":"D5/4","v":{"v":51.25,"d":"$51.25"}},{"$f":"D5/5","v":{"v":41,"d":"$41.00"}},{"$f":"E5/6","v":{"v":39.166666666666664,"d":"$39.17"}},{"$f":"E5/7","v":{"v":33.57142857142857,"d":"$33.57"}}]
[{"v":85,"d":"$85.00"},{"v":70,"d":"$70.00"},{"v":65,"d":"$65.00"},{"v":55,"d":"$55.00"},{"v":50,"d":"$50.00"},{"v":45,"d":"$45.00"},{"v":40,"d":"$40.00"}]
[{"$f":"A8*A10","v":85},{"$f":"B8*B10","v":{"v":140,"d":"$140.00"}},{"$f":"C8*C10","v":{"v":195,"d":"$195.00"}},{"$f":"D8*D10","v":{"v":220,"d":"$220.00"}},{"$f":"E8*E10","v":{"v":250,"d":"$250.00"}},{"$f":"F8*F10","v":{"v":270,"d":"$270.00"}},{"$f":"G8*G10","v":{"v":280,"d":"$280.00"}}]
[]
["Only one comepetitor -> based in east end. Only has hour and week rentals"]
[]
["Double Kayak | Adventura Rates",{"$nulls":9},"Double Kayak | Paradise Paddle"]
[]
["Adventura Rates (Old Format)"]
["1 Day","2 Days","3 Days","4 - 5 Days","6 - 7 Days"]
[{"v":85,"d":"$85.00"},{"v":135,"d":"$135.00"},{"v":175,"d":"$175.00"},{"v":205,"d":"$205.00"},{"v":235,"d":"$235.00"}]
[]
["Adventura Rates (Rate / Day)",{"$nulls":9},"Paradise Paddle Rates (Rate / Day)"]
[1,2,3,4,5,6,7,{"$nulls":3},"1 Day","2 Days","3 Days","4 Days","5 Days","6 Days","7 Days"]
[{"$f":"A19/1","v":{"v":85,"d":"$85.00"}},{"$f":"B19/2","v":{"v":67.5,"d":"$67.50"}},{"$f":"C19/3","v":{"v":58.333333333333336,"d":"$58.33"}},{"$f":"D19/4","v":{"v":51.25,"d":"$51.25"}},{"$f":"D19/5","v":{"v":41,"d":"$41.00"}},{"$f":"E19/6","v":{"v":39.166666666666664,"d":"$39.17"}},{"$f":"E19/7","v":{"v":33.57142857142857,"d":"$33.57"}},{"$nulls":3},{"v":110,"d":"$110.00"},{"v":85,"d":"$85.00"},{"v":85,"d":"$85.00"},{"v":65,"d":"$65.00"},{"v":55,"d":"$55.00"},{"v":55,"d":"$55.00"},{"v":50,"d":"$50.00"}]
[{"v":95,"d":"$95.00"},{"v":80,"d":"$80.00"},{"v":70,"d":"$70.00"},{"v":60,"d":"$60.00"},{"v":55,"d":"$55.00"},{"v":50,"d":"$50.00"},{"v":45,"d":"$45.00"}]
[{"$f":"A22*A24","v":95},{"$f":"B22*B24","v":{"v":160,"d":"$160.00"}},{"$f":"C22*C24","v":{"v":210,"d":"$210.00"}},{"$f":"D22*D24","v":{"v":240,"d":"$240.00"}},{"$f":"E22*E24","v":{"v":275,"d":"$275.00"}},{"$f":"F22*F24","v":{"v":300,"d":"$300.00"}},{"$f":"G22*G24","v":{"v":315,"d":"$315.00"}}]
[]
[{"$f":"(A23-K23)/K23","v":{"v":-0.22727272727272727,"d":"-22.73%"}},{"v":-0.20588235294117646,"d":"-20.59%"},{"v":-0.3137254901960784,"d":"-31.37%"},{"v":-0.21153846153846154,"d":"-21.15%"},{"v":-0.2545454545454545,"d":"-25.45%"},{"v":-0.2878787878787879,"d":"-28.79%"},{"v":-0.3285714285714286,"d":"-32.86%"}]
[]
["Paddle Board Rental | Adventura",{"$nulls":9},"Paddleboard Rental | Paradise Paddle",{"$nulls":9},"Paddleboard Rental | Cayman Paddle Co Paddle"]
[]
["Adventura Rates (Old Format)",{"$nulls":9},"Paradise Paddle does hourly rental and halfday rental"]
["1 Day","2 Days","3 Days","4 - 5 Days","6 - 7 Days"]
[{"v":85,"d":"$85.00"},{"v":135,"d":"$135.00"},{"v":175,"d":"$175.00"},{"v":205,"d":"$205.00"},{"v":235,"d":"$235.00"}]
[]
["Adventura Rates (Rate / Day)",{"$nulls":9},"Paradise Paddle Rates (Rate / Day)",{"$nulls":9},"Cayman SUP Co(Rate / Day)"]
[1,2,3,4,5,6,7,{"$nulls":3},"1 Day","2 Days","3 Days","4 Days","5 Days","6 Days","7 Days",{"$nulls":3},"1 Day","2 Days","3 Days","4 Days","5 Days","6 Days","7 Days"]
[{"$f":"A33/1","v":{"v":85,"d":"$85.00"}},{"$f":"B33/2","v":{"v":67.5,"d":"$67.50"}},{"$f":"C33/3","v":{"v":58.333333333333336,"d":"$58.33"}},{"$f":"D33/4","v":{"v":51.25,"d":"$51.25"}},{"$f":"D33/5","v":{"v":41,"d":"$41.00"}},{"$f":"E33/6","v":{"v":39.166666666666664,"d":"$39.17"}},{"$f":"E33/7","v":{"v":33.57142857142857,"d":"$33.57"}},{"$nulls":3},{"v":90,"d":"$90.00"},{"v":75,"d":"$75.00"},{"v":75,"d":"$75.00"},{"v":60,"d":"$60.00"},{"v":55,"d":"$55.00"},{"v":50,"d":"$50.00"},{"v":45,"d":"$45.00"},{"$nulls":3},{"v":95,"d":"$95.00"},{"v":75,"d":"$75.00"},{"v":75,"d":"$75.00"},{"v":75,"d":"$75.00"},{"v":55,"d":"$55.00"},{"v":55,"d":"$55.00"},{"v":50,"d":"$50.00"}]
[{"v":95,"d":"$95.00"},{"v":80,"d":"$80.00"},{"v":70,"d":"$70.00"},{"v":60,"d":"$60.00"},{"v":55,"d":"$55.00"},{"v":50,"d":"$50.00"},{"v":45,"d":"$45.00"}]
[{"$f":"A36*A38","v":95},{"$f":"B36*B38","v":{"v":160,"d":"$160.00"}},{"$f":"C36*C38","v":{"v":210,"d":"$210.00"}},{"$f":"D36*D38","v":{"v":240,"d":"$240.00"}},{"$f":"E36*E38","v":{"v":275,"d":"$275.00"}},{"$f":"F36*F38","v":{"v":300,"d":"$300.00"}},{"$f":"G36*G38","v":{"v":315,"d":"$315.00"}}]
[]
[{"$f":"(A37-K37)/K37","v":{"v":-0.05555555555555555,"d":"-5.56%"}},{"$f":"(B37-L37)/L37","v":{"v":-0.1,"d":"-10.00%"}},{"$f":"(C37-M37)/M37","v":{"v":-0.22222222222222218,"d":"-22.22%"}},{"$f":"(D37-N37)/N37","v":{"v":-0.14583333333333334,"d":"-14.58%"}},{"$f":"(E37-O37)/O37","v":{"v":-0.2545454545454545,"d":"-25.45%"}},{"$f":"(F37-P37)/P37","v":{"v":-0.2166666666666667,"d":"-21.67%"}},{"$f":"(G37-Q37)/Q37","v":{"v":-0.253968253968254,"d":"-25.40%"}}]
[{"$f":"(A37-U37)/U37","v":{"v":-0.10526315789473684,"d":"-10.53%"}},{"v":-0.1,"d":"-10.00%"},{"v":-0.22222222222222218,"d":"-22.22%"},{"v":-0.31666666666666665,"d":"-31.67%"},{"v":-0.2545454545454545,"d":"-25.45%"},{"v":-0.2878787878787879,"d":"-28.79%"},{"v":-0.3285714285714286,"d":"-32.86%"}]
[]
["Mountain Bike | Adventura",{"$nulls":9},"Mountain Bike Rental | Cayman Auto Rental"]
[]
["Adventura Rates (Old Format)"]
["1 Day","2 Days","3 Days","4 - 5 Days","6 - 7 Days"]
[{"v":50,"d":"$50.00"},{"v":80,"d":"$80.00"},{"v":110,"d":"$110.00"},{"v":125,"d":"$125.00"},{"v":145,"d":"$145.00"}]
[]
["Adventura Rates (Rate / Day)",{"$nulls":9},"Cayman Auto Rental (Rate / Day)"]
[1,2,3,4,5,6,7,{"$nulls":3},"1 Day","2 Days","3 Days","4 Days","5 Days","6 Days","7 Days"]
[{"$f":"A48/1","v":{"v":50,"d":"$50.00"}},{"$f":"B48/2","v":{"v":40,"d":"$40.00"}},{"$f":"C48/3","v":{"v":36.666666666666664,"d":"$36.67"}},{"$f":"D48/4","v":{"v":31.25,"d":"$31.25"}},{"$f":"D48/5","v":{"v":25,"d":"$25.00"}},{"$f":"E48/6","v":{"v":24.166666666666668,"d":"$24.17"}},{"$f":"E48/7","v":{"v":20.714285714285715,"d":"$20.71"}},{"$nulls":3},{"v":20,"d":"$20.00"},{"v":20,"d":"$20.00"},{"v":20,"d":"$20.00"},{"v":20,"d":"$20.00"},{"v":20,"d":"$20.00"},{"v":20,"d":"$20.00"},{"v":20,"d":"$20.00"}]
[{"v":50,"d":"$50.00"},{"v":40,"d":"$40.00"},{"v":35,"d":"$35.00"},{"v":30,"d":"$30.00"},{"v":25,"d":"$25.00"},{"v":22.5,"d":"$22.50"},{"v":20,"d":"$20.00"}]
[{"$f":"A51*A53","v":50},{"$f":"B51*B53","v":{"v":80,"d":"$80.00"}},{"$f":"C51*C53","v":{"v":105,"d":"$105.00"}},{"$f":"D51*D53","v":{"v":120,"d":"$120.00"}},{"$f":"E51*E53","v":{"v":125,"d":"$125.00"}},{"$f":"F51*F53","v":{"v":135,"d":"$135.00"}},{"$f":"G51*G53","v":{"v":140,"d":"$140.00"}}]
[]
[]
[{"$f":"(A52-K52)/K52","v":{"v":1.5,"d":"150.00%"}},{"$f":"(B52-L52)/L52","v":{"v":1,"d":"100.00%"}},{"$f":"(C52-M52)/M52","v":{"v":0.8333333333333333,"d":"83.33%"}},{"$f":"(D52-N52)/N52","v":{"v":0.5625,"d":"56.25%"}},{"$f":"(E52-O52)/O52","v":{"v":0.25,"d":"25.00%"}},{"$f":"(F52-P52)/P52","v":{"v":0.2083333333333334,"d":"20.83%"}},{"$f":"(G52-Q52)/Q52","v":{"v":0.03571428571428577,"d":"3.57%"}}]
["no second competitor that I could track down"]
[]
["Cruiser Bike Rental | Adventura",{"$nulls":9},"Cruiser Bike Rental | Cayman Auto Rental",{"$nulls":9},"Cruiser Bike Rental | Cayman Bike Company"]
[]
["Adventura Rates (Old Format)"]
["1 Day","2 Days","3 Days","4 - 5 Days","6 - 7 Days"]
[{"v":50,"d":"$50.00"},{"v":80,"d":"$80.00"},{"v":110,"d":"$110.00"},{"v":125,"d":"$125.00"},{"v":145,"d":"$145.00"}]
[]
["Adventura Rates (Rate / Day)",{"$nulls":9},"Cayman Auto Rental (Rate / Day)",{"$nulls":9},"Cayman Bike Co (Rate / Day)"]
[1,2,3,4,5,6,7,{"$nulls":3},"1 Day","2 Days","3 Days","4 Days","5 Days","6 Days","7 Days",{"$nulls":3},"1 Day","2 Days","3 Days","4 Days","5 Days","6 Days","7 Days"]
[{"$f":"A64/1","v":{"v":50,"d":"$50.00"}},{"$f":"B64/2","v":{"v":40,"d":"$40.00"}},{"$f":"C64/3","v":{"v":36.666666666666664,"d":"$36.67"}},{"$f":"D64/4","v":{"v":31.25,"d":"$31.25"}},{"$f":"D64/5","v":{"v":25,"d":"$25.00"}},{"$f":"E64/6","v":{"v":24.166666666666668,"d":"$24.17"}},{"$f":"E64/7","v":{"v":20.714285714285715,"d":"$20.71"}},{"$nulls":3},{"v":15,"d":"$15.00"},{"v":15,"d":"$15.00"},{"v":15,"d":"$15.00"},{"v":15,"d":"$15.00"},{"v":15,"d":"$15.00"},{"v":15,"d":"$15.00"},{"v":15,"d":"$15.00"},{"$nulls":3},{"v":45,"d":"$45.00"},{"v":45,"d":"$45.00"},{"v":45,"d":"$45.00"},{"v":45,"d":"$45.00"},{"v":45,"d":"$45.00"},{"v":45,"d":"$45.00"},{"$f":"295/7","v":{"v":42.142857142857146,"d":"$42.14"}}]
[{"v":50,"d":"$50.00"},{"v":40,"d":"$40.00"},{"v":35,"d":"$35.00"},{"v":30,"d":"$30.00"},{"v":25,"d":"$25.00"},{"v":22.5,"d":"$22.50"},{"v":20,"d":"$20.00"}]
[{"$f":"A67*A69","v":50},{"$f":"B67*B69","v":{"v":80,"d":"$80.00"}},{"$f":"C67*C69","v":{"v":105,"d":"$105.00"}},{"$f":"D67*D69","v":{"v":120,"d":"$120.00"}},{"$f":"E67*E69","v":{"v":125,"d":"$125.00"}},{"$f":"F67*F69","v":{"v":135,"d":"$135.00"}},{"$f":"G67*G69","v":{"v":140,"d":"$140.00"}}]
[]
[{"$f":"(A68-K68)/K68","v":{"v":2.3333333333333335,"d":"233.33%"}},{"$f":"(B68-L68)/L68","v":{"v":1.6666666666666667,"d":"166.67%"}},{"$f":"(C68-M68)/M68","v":{"v":1.4444444444444442,"d":"144.44%"}},{"$f":"(D68-N68)/N68","v":{"v":1.0833333333333333,"d":"108.33%"}},{"$f":"(E68-O68)/O68","v":{"v":0.6666666666666666,"d":"66.67%"}},{"$f":"(F68-P68)/P68","v":{"v":0.6111111111111112,"d":"61.11%"}},{"$f":"(G68-Q68)/Q68","v":{"v":0.38095238095238104,"d":"38.10%"}}]
[{"$f":"(A68-U68)/U68","v":{"v":0.1111111111111111,"d":"11.11%"}},{"v":-0.1111111111111111,"d":"-11.11%"},{"v":-0.18518518518518523,"d":"-18.52%"},{"v":-0.3055555555555556,"d":"-30.56%"},{"v":-0.4444444444444444,"d":"-44.44%"},{"v":-0.4629629629629629,"d":"-46.30%"},{"v":-0.5084745762711864,"d":"-50.85%"}]
[]
["Hybrid Bike Rental | Adventura",{"$nulls":9},"Hybrid Bike Rental | Eco Rides Cayman"]
[]
["Adventura Rates (Old Format)"]
["1 Day","2 Days","3 Days","4 - 5 Days","6 - 7 Days"]
[{"v":50,"d":"$50.00"},{"v":80,"d":"$80.00"},{"v":110,"d":"$110.00"},{"v":125,"d":"$125.00"},{"v":145,"d":"$145.00"}]
[]
["Adventura Rates (Rate / Day)",{"$nulls":9},"Eco rides (Rate / Day)"]
[1,2,3,4,5,6,7,{"$nulls":3},"1 Day","2 Days","3 Days","4 Days","5 Days","6 Days","7 Days"]
[{"$f":"A79/1","v":{"v":50,"d":"$50.00"}},{"$f":"B79/2","v":{"v":40,"d":"$40.00"}},{"$f":"C79/3","v":{"v":36.666666666666664,"d":"$36.67"}},{"$f":"D79/4","v":{"v":31.25,"d":"$31.25"}},{"$f":"D79/5","v":{"v":25,"d":"$25.00"}},{"$f":"E79/6","v":{"v":24.166666666666668,"d":"$24.17"}},{"$f":"E79/7","v":{"v":20.714285714285715,"d":"$20.71"}},{"$nulls":3},{"v":60,"d":"$60.00"},{"v":60,"d":"$60.00"},{"v":60,"d":"$60.00"},{"v":60,"d":"$60.00"},{"v":60,"d":"$60.00"},{"v":60,"d":"$60.00"},{"$f":"360/7","v":{"v":51.42857142857143,"d":"$51.43"}}]
[{"v":55,"d":"$55.00"},{"v":45,"d":"$45.00"},{"v":40,"d":"$40.00"},{"v":35,"d":"$35.00"},{"v":30,"d":"$30.00"},{"v":27.5,"d":"$27.50"},{"v":25,"d":"$25.00"}]
[{"$f":"A82*A84","v":55},{"$f":"B82*B84","v":{"v":90,"d":"$90.00"}},{"$f":"C82*C84","v":{"v":120,"d":"$120.00"}},{"$f":"D82*D84","v":{"v":140,"d":"$140.00"}},{"$f":"E82*E84","v":{"v":150,"d":"$150.00"}},{"$f":"F82*F84","v":{"v":165,"d":"$165.00"}},{"$f":"G82*G84","v":{"v":175,"d":"$175.00"}}]
[]
[]
[{"$f":"(A83-K83)/K83","v":{"v":-0.16666666666666666,"d":"-16.67%"}},{"$f":"(B83-L83)/L83","v":{"v":-0.3333333333333333,"d":"-33.33%"}},{"$f":"(C83-M83)/M83","v":{"v":-0.38888888888888895,"d":"-38.89%"}},{"$f":"(D83-N83)/N83","v":{"v":-0.4791666666666667,"d":"-47.92%"}},{"$f":"(E83-O83)/O83","v":{"v":-0.5833333333333334,"d":"-58.33%"}},{"$f":"(F83-P83)/P83","v":{"v":-0.5972222222222221,"d":"-59.72%"}},{"$f":"(G83-Q83)/Q83","v":{"v":-0.5972222222222222,"d":"-59.72%"}}]
[]
["24\" Bike and Kids Bike Rentals | Adventura"]
[]
["Adventura Rates (Old Format)"]
["1 Day","2 Days","3 Days","4 - 5 Days","6 - 7 Days"]
[{"v":45,"d":"$45.00"},{"v":70,"d":"$70.00"},{"v":95,"d":"$95.00"},{"v":110,"d":"$110.00"},{"v":130,"d":"$130.00"}]
[]
[]
["Adventura Rates (Rate / Day)"]
[1,2,3,4,5,6,7]
[{"$f":"A94/1","v":{"v":45,"d":"$45.00"}},{"$f":"B94/2","v":{"v":35,"d":"$35.00"}},{"$f":"C94/3","v":{"v":31.666666666666668,"d":"$31.67"}},{"$f":"D94/4","v":{"v":27.5,"d":"$27.50"}},{"$f":"D94/5","v":{"v":22,"d":"$22.00"}},{"$f":"E94/6","v":{"v":21.666666666666668,"d":"$21.67"}},{"$f":"E94/7","v":{"v":18.571428571428573,"d":"$18.57"}}]
[{"v":45,"d":"$45.00"},{"v":35,"d":"$35.00"},{"v":30,"d":"$30.00"},{"v":25,"d":"$25.00"},{"v":25,"d":"$25.00"},{"v":22.5,"d":"$22.50"},{"v":20,"d":"$20.00"}]
[{"$f":"A98*A100","v":45},{"$f":"B98*B100","v":{"v":70,"d":"$70.00"}},{"$f":"C98*C100","v":{"v":90,"d":"$90.00"}},{"$f":"D98*D100","v":{"v":100,"d":"$100.00"}},{"$f":"E98*E100","v":{"v":125,"d":"$125.00"}},{"$f":"F98*F100","v":{"v":135,"d":"$135.00"}},{"$f":"G98*G100","v":{"v":140,"d":"$140.00"}}]
[]
["No other competitors in this sphere that I could find"]
[]
["Tag Along | Adventura"]
[]
["Adventura Rates (Old Format)"]
["1 Day","2 Days","3 Days","4 - 5 Days","6 - 7 Days"]
[{"v":10,"d":"$10.00"},{"v":20,"d":"$20.00"},{"v":30,"d":"$30.00"},{"v":35,"d":"$35.00"},{"v":40,"d":"$40.00"}]
[]
["Adventura Rates (Rate / Day)"]
[1,2,3,4,5,6,7]
[{"$f":"A109/1","v":{"v":10,"d":"$10.00"}},{"$f":"B109/2","v":{"v":10,"d":"$10.00"}},{"$f":"C109/3","v":{"v":10,"d":"$10.00"}},{"$f":"D109/4","v":{"v":8.75,"d":"$8.75"}},{"$f":"D109/5","v":{"v":7,"d":"$7.00"}},{"$f":"E109/6","v":{"v":6.666666666666667,"d":"$6.67"}},{"$f":"E109/7","v":{"v":5.714285714285714,"d":"$5.71"}}]
[{"v":20,"d":"$20.00"},{"v":16,"d":"$16.00"},{"v":14,"d":"$14.00"},{"v":15,"d":"$15.00"},{"v":14,"d":"$14.00"},{"v":12,"d":"$12.00"},{"v":10,"d":"$10.00"}]
[{"$f":"A112*A114","v":{"v":20,"d":"$20.00"}},{"$f":"B112*B114","v":{"v":32,"d":"$32.00"}},{"v":42,"d":"$42.00"},{"v":60,"d":"$60.00"},{"v":70,"d":"$70.00"},{"v":72,"d":"$72.00"},{"v":70,"d":"$70.00"}]
[]
["No other competitors in this sphere that I could find"]
[]
["Standard Snorkel Set (Adult and Kids) | Adventura",{"$nulls":9},"Standard Snorkel Set (Adult and Kids) | Paradise Paddle"]
[]
["Adventura Rates (Old Format)"]
["1 Day","2 Days","3 Days","4 - 5 7ays"]
[{"v":15,"d":"$15.00"},{"v":25,"d":"$25.00"},{"v":35,"d":"$35.00"},{"v":40,"d":"$40.00"}]
[]
["Adventura Rates (Rate / Day)",{"$nulls":9},"Paradise Cayman (Rate / Day)"]
[1,2,3,4,5,6,7,{"$nulls":3},"1 Day","2 Days","3 Days","4 Days","5 Days","6 Days","7 Days"]
[{"$f":"A123/1","v":{"v":15,"d":"$15.00"}},{"$f":"B123/2","v":{"v":12.5,"d":"$12.50"}},{"$f":"C123/3","v":{"v":11.666666666666666,"d":"$11.67"}},{"$f":"D123/4","v":{"v":10,"d":"$10.00"}},{"$f":"D123/5","v":{"v":8,"d":"$8.00"}},{"$f":"D123/6","v":{"v":6.666666666666667,"d":"$6.67"}},{"$f":"D123/7","v":{"v":5.714285714285714,"d":"$5.71"}},{"$nulls":3},{"v":50,"d":"$50.00"},{"$f":"50/2","v":{"v":25,"d":"$25.00"}},{"$f":"50/3","v":{"v":16.666666666666668,"d":"$16.67"}},{"$f":"50/4","v":{"v":12.5,"d":"$12.50"}},{"$f":"50/5","v":{"v":10,"d":"$10.00"}},{"$f":"50/6","v":{"v":8.333333333333334,"d":"$8.33"}},{"$f":"50/7","v":{"v":7.142857142857143,"d":"$7.14"}}]
[{"v":20,"d":"$20.00"},{"v":15,"d":"$15.00"},{"v":12.5,"d":"$12.50"},{"v":10,"d":"$10.00"},{"v":8,"d":"$8.00"},{"v":7,"d":"$7.00"},{"v":6,"d":"$6.00"}]
[{"$f":"A126*A128","v":{"v":20,"d":"$20.00"}},{"$f":"B126*B128","v":{"v":30,"d":"$30.00"}},{"$f":"C126*C128","v":{"v":37.5,"d":"$37.50"}},{"$f":"D126*D128","v":{"v":40,"d":"$40.00"}},{"$f":"E126*E128","v":{"v":40,"d":"$40.00"}},{"$f":"F126*F128","v":{"v":42,"d":"$42.00"}},{"$f":"G126*G128","v":{"v":42,"d":"$42.00"}}]
[]
[{"$f":"(A127-K127)/K127","v":{"v":-0.7,"d":"-70.00%"}},{"$f":"(B127-L127)/L127","v":{"v":-0.5,"d":"-50.00%"}},{"$f":"(C127-M127)/M127","v":{"v":-0.3000000000000001,"d":"-30.00%"}},{"$f":"(D127-N127)/N127","v":{"v":-0.2,"d":"-20.00%"}},{"$f":"(E127-O127)/O127","v":{"v":-0.2,"d":"-20.00%"}},{"$f":"(F127-P127)/P127","v":{"v":-0.2,"d":"-20.00%"}},{"$f":"(G127-Q127)/Q127","v":{"v":-0.2,"d":"-20.00%"}},{"$nulls":3},"* Note they only do weekly rentals… so assumed they would charge the"]
[{"$nulls":10},"same regardless"]
[]
["Full Snorkel Set (Adult and Kids) | Adventura",{"$nulls":9},"Standard Snorkel Set (Adult and Kids) | Paradise Paddle"]
[]
["Adventura Rates (Old Format)"]
["1 Day","2 Days","3 Days","4 - 5 7ays"]
[{"v":20,"d":"$20.00"},{"v":30,"d":"$30.00"},{"v":40,"d":"$40.00"},{"v":45,"d":"$45.00"}]
[]
["Adventura Rates (Rate / Day)",{"$nulls":9},"Paradise Cayman (Rate / Day)"]
[1,2,3,4,5,6,7,{"$nulls":3},"1 Day","2 Days","3 Days","4 Days","5 Days","6 Days","7 Days"]
[{"$f":"A138/1","v":{"v":20,"d":"$20.00"}},{"$f":"B138/2","v":{"v":15,"d":"$15.00"}},{"$f":"C138/3","v":{"v":13.333333333333334,"d":"$13.33"}},{"$f":"D138/4","v":{"v":11.25,"d":"$11.25"}},{"$f":"D138/5","v":{"v":9,"d":"$9.00"}},{"$f":"D138/6","v":{"v":7.5,"d":"$7.50"}},{"$f":"D138/7","v":{"v":6.428571428571429,"d":"$6.43"}},{"$nulls":3},{"v":60,"d":"$60.00"},{"$f":"60/2","v":{"v":30,"d":"$30.00"}},{"$f":"60/3","v":{"v":20,"d":"$20.00"}},{"$f":"60/4","v":{"v":15,"d":"$15.00"}},{"$f":"60/5","v":{"v":12,"d":"$12.00"}},{"$f":"60/6","v":{"v":10,"d":"$10.00"}},{"$f":"60/7","v":{"v":8.571428571428571,"d":"$8.57"}}]
[{"v":25,"d":"$25.00"},{"v":20,"d":"$20.00"},{"v":15,"d":"$15.00"},{"v":12.5,"d":"$12.50"},{"v":10,"d":"$10.00"},{"v":9,"d":"$9.00"},{"v":8,"d":"$8.00"},{"$nulls":3},"* Note they only do weekly rentals… so assumed they would charge the"]
[{"$f":"A141*A143","v":{"v":25,"d":"$25.00"}},{"$f":"B141*B143","v":{"v":40,"d":"$40.00"}},{"$f":"C141*C143","v":{"v":45,"d":"$45.00"}},{"$f":"D141*D143","v":{"v":50,"d":"$50.00"}},{"$f":"E141*E143","v":{"v":50,"d":"$50.00"}},{"$f":"F141*F143","v":{"v":54,"d":"$54.00"}},{"$f":"G141*G143","v":{"v":56,"d":"$56.00"}}]
[]
[]
["Almost every dive shop rents out snorkel gear, roughly from about $25 for a full",{"$nulls":9},"same regardless"]
["set (fins, mask, vest, etc)"]